000 00632nam a22001937a 4500
005 20251108172030.0
008 250721s1988 xx 000 0 ara d
082 1 4 _a370.956/هشا
100 1 _aنشابة، هشام
_eجمع و تحقيق
245 1 0 _aالتراث التربوي الإسلامي في خمس مخطوطات /
264 1 _aبيروت :
_bدار العلم للملايين،
_c1988.
300 _a142ص
650 1 7 _aالتربية و التعليم
650 1 7 _aالبلاد العربية
650 1 7 _aالتربية الإسلامية
650 1 7 _aتاريخ
942 _2ddc
_cBK
999 _c68729
_d68729